1468 1134 1145 1445 1819 1163 1726 1440 1109 1903 1244 1554 1832 1238 1338 1745 1436 1212 1950 1689 1256 1786 1750 1577 1706 1524 1875 1383 1346 1686 1159 1491 1310 1176 1360 1028 1718 1599 1039 1326 1655 1695 1928 1237 1700 1960 1353 1454 1154 1923 1496 1132 1765 1682 1908 1549 1859 1093 1322 1060 1252 1880 1471 1268 1965 1139 1142 1674 1003 1712 1364 1474 1505 1008 1897 1849 1089 1754 1062 1184 1213 1486 1596 1263 1516 1510 1235 1102 1550 1567 1180 1596 1144 1830 1372 1233 1339 1940 1880 BCNSPRNW ULIB Ver.6.0+V

เปลี่ยนเป็นภาษาไทย

Change to English
 แสดงรายละเอียดบรรณานุกรม
  กลับหน้าหลัก

Brief Record : Get Marc (ISO 2709) : E-mail record : QR code < ปิดหน้าต่าง
LEADER : 00000nam 2200000uu 4500
001    13399128055
003     ULIB
008    220202s2563||||th 000 0 tha d
020    ^a9786168246290
050  0 ^aนว.^bอ46ส
100    ^aอุมาริการ์
245    ^aสรวงอสูร/โดย อุมาริการ์
260    ^aกรุงเทพฯ :^bวี.พริ้นท์,^c2563
300    ^a624 หน้า
650    ^aนวนิยาย
945    ^p480^l0^i29200
999    ^aกัณชพร จุลอักษร
รายการนี้ยังไม่มีแท็ก
คุณยังไม่ได้ล็อกอิน คุณสามารถมีกิจกรรมร่วมกับเว็บไซต์ได้ แต่ต้องล็อกอินก่อน ::
  ล็อกอิน

รายการสื่อสารสนเทศ

ลำดับที่ ประเภท เลขเรียก/บาร์โค้ด สถานที่ สถานะ
1. วิทยาศาสตร์การแพทย์ และสุขภาพ
วิทยาศาสตร์การแพทย์ และสุขภาพ
นว. อ46ส ฉ.1 
  Barcode: 29200
ห้องสมุดวิทยาเขตนครสวรรค์
►นวนิยาย:l:Fiction
บนชั้น

รายการใกล้เคียง
    ชื่อเรื่อง [สรวงอสูร/โดย อุมาริการ์]

    ผู้แต่ง [อุมาริการ์]

    หัวเรื่อง [นวนิยาย]

BibComment


ยังไม่เคยถูกคอมเมนท์

คอมเมนท์ทรัพยากรรายการนี้
  คอมเมนท์: สรวงอสูรโดย อุมา..


 Copyright 2026. Bcnsprnw @Library